00745nam a2200229Ia 4500003000400000005001700004008004000021020001800061040000700079041000800086082001300094100003100107245003900138260003900177300001200216690003000228700002900258906001100287942001200298999001900310952018600329OSt20241016141301.0210210b2008 xxu||||| |||| 00| 0 eng d a9780495116356 cAL aeng a302 BAUS aBAUMEISTER (Roy F)9182510 aSocial psychology and human nature aAustraliabThomson Wadsworthc2008 axxx,660 aSocial Psychology9182511 aBUSHMAN (Brad J)9182512 a070204 2ddccBK c119702d119702 001040708PsychologyaALbALcPsychologyd2021-02-17ePrajwal Book Distributors, Bangalore-560061g3087.00l1m1o302 BAUSp070204r2023-08-28 00:00:00s2023-08-16w2021-02-17yBK